000 00539nam a22002057a 4500
003 OSt
008 250609b |||||||| |||| 00| 0 eng d
082 _a632.95
_bS15R
100 _aSangma, Sabina K.
245 _aResidues of Endosulfan and Quinalphos in/on Brinjal /
_cby Sabina K. Sangma
260 _a.- Pusa, Samastipur
_b: RAU
_c, 1987
300 _a59p.
502 _bM. Sc.
650 _aEntomology and Agri. Zoology
650 _aBrinjal
650 _aQuinalphos
650 _aThesis
650 _aM. Sc.
942 _2ddc
_cT
999 _c48201
_d48201